| 000 | 00350nam a2200145Ia 4500 | ||
|---|---|---|---|
| 008 | 150201s2012 xx 000 0 und d | ||
| 082 |
_a611 _bC12G |
||
| 100 | _aGARG , KRISHNA | ||
| 245 | _aCOMPANION PB. OF QUICH REVIEW HUMAN ANATOMY -3 | ||
| 250 | _a1ST | ||
| 260 |
_bCBS _aDELHI _c2012 |
||
| 300 | _a275 | ||
| 650 | _aANATOMY | ||
| 942 |
_2ddc _cBK _03 |
||
| 999 |
_c1978 _d1978 |
||